000 00623nam a2200217 a 4500
005 20160107082224.0
008 160107b1992 ck a gr|||| 00| 0 spa d
040 _aCO-BoIAVH
_cCO-BoIAVH
041 _aspa
082 4 _a363.70525
_bS19u
100 1 _aSanabria, María Judith
_947821
245 1 _aUcumarí
_bagua y vida
260 _aPereira
_bCARDER
_c1992
300 _a48 paginas.:
_bilustraciones:
_c22 x 17 cm
650 4 _aGuía de campo
_947822
650 4 _aFauna acuática
_947823
650 4 _aFauna bentónica
_94711
650 4 _aMétodos de campo
_93855
650 4 _aBiodiversidad
_947824
942 _cLIBRO
_2ddc
999 _c208
_d208